McGraw-Hill Encyclopedia of Engineering / (Record no. 12269)
[ view plain ]
| 000 -LEADER | |
|---|---|
| fixed length control field | 01115cam a2200265 a 4500 |
| 001 - CONTROL NUMBER | |
| control field | 4224345 |
| 005 - DATE AND TIME OF LATEST TRANSACTION | |
| control field | 19901015093018.7 |
| 008 - FIXED-LENGTH DATA ELEMENTS--GENERAL INFORMATION | |
| fixed length control field | 820917s1983 nyua be 001 0 eng |
| 010 ## - LIBRARY OF CONGRESS CONTROL NUMBER | |
| LC control number | 82018663 |
| 020 ## - INTERNATIONAL STANDARD BOOK NUMBER | |
| International Standard Book Number | 0070454868 : |
| Terms of availability | $57.50 (est.) |
| 040 ## - CATALOGING SOURCE | |
| Original cataloging agency | DLC |
| Transcribing agency | DLC |
| Modifying agency | DLC |
| 050 00 - LIBRARY OF CONGRESS CALL NUMBER | |
| Classification number | TA9 |
| Item number | .M36 1983 |
| 082 00 - DEWEY DECIMAL CLASSIFICATION NUMBER | |
| Classification number | 620.003 |
| Edition number | 22 |
| Item number | ENG |
| 245 00 - TITLE STATEMENT | |
| Title | McGraw-Hill Encyclopedia of Engineering / |
| Statement of responsibility, etc | Sybil P. Parker, editor in chief. |
| 260 ## - PUBLICATION, DISTRIBUTION, ETC. (IMPRINT) | |
| Place of publication, distribution, etc | New York : |
| Name of publisher, distributor, etc | McGraw-Hill, |
| Date of publication, distribution, etc | c1983. |
| 300 ## - PHYSICAL DESCRIPTION | |
| Extent | viii, 1264 p. : |
| Other physical details | ill. ; |
| Dimensions | 29 cm. |
| 500 ## - GENERAL NOTE | |
| General note | "All of the material in this volume has been published previously in the McGraw-Hill encyclopedia of science & technology, fifth edition"--T.p. verso. |
| 504 ## - BIBLIOGRAPHY, ETC. NOTE | |
| Bibliography, etc | Includes bibliographies and index. |
| 650 #0 - SUBJECT ADDED ENTRY--TOPICAL TERM | |
| Topical term or geographic name as entry element | Engineering |
| General subdivision | Encyclopedias. |
| 9 (RLIN) | 7805 |
| 700 1# - ADDED ENTRY--PERSONAL NAME | |
| Personal name | Parker, Sybil P. |
| 9 (RLIN) | 7806 |
| 710 2# - ADDED ENTRY--CORPORATE NAME | |
| Corporate name or jurisdiction name as entry element | McGraw-Hill Book Company. |
| 9 (RLIN) | 7807 |
| 730 ## - ADDED ENTRY--UNIFORM TITLE | |
| Uniform title | McGraw-Hill encyclopedia of science & technology. |
| 9 (RLIN) | 7808 |
| 942 ## - ADDED ENTRY ELEMENTS (KOHA) | |
| Source of classification or shelving scheme | Dewey Decimal Classification |
| Item type | NB - Book (Non borrowing) |
| Withdrawn status | Item status | Source of classification or shelving scheme | Damaged status | Not for loan | Vendor | Home library | Current library | Shelving location | Date acquired | Source of acquisition | Cost, normal purchase price | Total Checkouts | Full call number | Barcode | Date last seen | Koha item type |
|---|---|---|---|---|---|---|---|---|---|---|---|---|---|---|---|---|
| Dewey Decimal Classification | Alef-Baa | Central Library | Central Library | First floor | 09/07/2009 | 150.00 | 620.003 ENG | 000017437 | 15/07/2025 | NB - Book (Non borrowing) |